| Tag |
First Indicator |
Second Indicator |
Subfields |
| LEADER |
00000cam a2200000 a 4500 |
| 001 |
in00001686539 |
| 005 |
20211202194621.0 |
| 007 |
he bmb024bbca |
| 008 |
970730s1995 dcu b f000 0 eng c |
| 035 |
|
|
|a (OCoLC)ocm37382388
|
| 037 |
|
|
|a 153384
|b GAO (202) 512-6000 (voice); (202) 512-6061 (Fax)
|f paper copy
|
| 040 |
|
|
|a IUB
|c IUB
|d GPO
|d DLC
|d MvI
|d UtOrBLW
|
| 042 |
|
|
|a pcc
|
| 043 |
|
|
|a n-us---
|
| 049 |
|
|
|a UMIC
|a WWW
|
| 074 |
|
|
|a 0546-D (MF)
|
| 074 |
|
|
|a 0546-D (online)
|
| 086 |
0 |
|
|a GA 1.13:GGD-95-81 FS
|
| 088 |
|
|
|a GAO/GGD-95-81 FS
|
| 088 |
|
|
|a B-259424
|
| 110 |
1 |
|
|a United States.
|b General Accounting Office.
|
| 245 |
1 |
0 |
|a Conflict-of-interest controls :
|b documented recusal obligations of top political appointees in DOE and EPA : fact sheet for the ranking minority member, Committee on Commerce, House of Representatives /
|c United States General Accounting Office.
|
| 246 |
2 |
|
|a Conflict of interest controls
|
| 246 |
3 |
0 |
|a Documented recusal obligations of top political appointees in DOE and EPA
|
| 264 |
|
1 |
|a Washington, D.C. (P.O. Box 37050, Washington 20013) :
|b The Office,
|c [1995]
|
| 300 |
|
|
|a 82 pages ;
|c 28 cm.
|
| 336 |
|
|
|a text
|b txt
|2 rdacontent
|
| 337 |
|
|
|a microform
|b h
|2 rdamedia
|
| 338 |
|
|
|a microfiche
|b he
|2 rdacarrier
|
| 500 |
|
|
|a Cover title.
|
| 500 |
|
|
|a Shipping list number: 96-0682-M.
|
| 500 |
|
|
|a "March 1995."
|
| 500 |
|
|
|a "GAO/GGD-95-81FS."
|
| 500 |
|
|
|a "B-259424"--P. 1.
|
| 533 |
|
|
|a Microfiche.
|b [Washington, D.C.] :
|c U.S. General Accounting Office,
|d [1996?]
|e 1 microfiche : negative.
|
| 530 |
|
|
|a Also available via Internet from the GPO Access web site. Address as of 5/24/02: http://frwebgate.access.gpo.gov/cgi-bin/getdoc.cgi?dbname=gao&docid=f:gg95081f.pdf; current access is available via PURL.
|
| 500 |
|
|
|a Microform.
|
| 650 |
|
0 |
|a Conflict of interests
|z United States.
|
| 610 |
1 |
0 |
|a United States.
|b Department of Energy
|x Officials and employees.
|
| 610 |
1 |
0 |
|a United States.
|b Environmental Protection Agency
|x Officials and employees.
|
| 856 |
4 |
1 |
|u https://purl.fdlp.gov/GPO/LPS19394
|z Adobe Acrobat Reader required
|t 0
|
| 999 |
|
|
|a MARS
|
| 999 |
f |
f |
|s 2507ba2d-ab21-35fb-a0d0-bdc22a159067
|i d8523d8e-ee81-32c0-9a70-0833b5b1bc6e
|t 0
|
| 952 |
f |
f |
|p normal
|a Texas A&M University
|b College Station
|c Sterling C. Evans Library
|d Evans: US Documents Microfiche (3rd floor)
|t 0
|e GA 1.13:GGD-95-81 FS
|h Superintendent of Documents classification
|i microform -- microfiche
|m A14826330315
|
| 952 |
f |
f |
|a Texas A&M University
|b College Station
|c Electronic Resources
|d Available Online
|t 0
|e GA 1.13:GGD-95-81 FS
|h Superintendent of Documents classification
|
| 998 |
f |
f |
|a GA 1.13:GGD-95-81 FS
|t 0
|l Available Online
|
| 998 |
f |
f |
|a GA 1.13:GGD-95-81 FS
|t 0
|l Evans: US Documents Microfiche (3rd floor)
|